| 000 | 00567nam a2200121Ia 4500 | ||
|---|---|---|---|
| 008 | 220620s9999||||xx |||||||||||||| ||und|| | ||
| 100 | _aHaddix, Marcelle M. | ||
| 245 | 0 | _aChapter 3 So-Called Social Justice Teaching and Multicultural Teacher Education: Rhetoric and Realities | |
| 546 | _aEnglish[eng] | ||
| 650 | _aEnglish education||Marcelle Haddix||diversity||identity||linguistic||linguistic diversity||literacy||racial diversity||teacher education | ||
| 856 | _uhttps://library.oapen.org/bitstream/20.500.12657/41369/1/9780415729956_oachapter3.pdf | ||
| 942 | _cEB | ||
| 999 |
_c29851 _d29851 |
||